Les meilleurs buteurs de l'histoire de l'AS Nancy-Lorraine - Statistiques

Statistiques générales
  • Ce quiz a été pris 63 fois
  • Le résultat moyen est 3 sur 10
Statistiques - réponses
Buts Nationalité Joueur % Correct
110 France Michel Platini
96%
94 Maroc Youssouf Hadji
88%
83 France Olivier Rouyer
35%
45 Angleterre / Irlande Tony Cascarino
23%
71 Uruguay Rubén Umpiérrez
13%
66 France Paco Rubio
8%
62 France Bernard Zénier
4%
49 France Philippe Jeannol
4%
48 France Laurent Dufresne
0%
41 France Laurent Sachy
0%
Aucun quiz correspondant
Distribution des résultats
% des personnes avec chaque résultat
Percentile par nombre de réponses
Votre historique - résultats
Vous n’avez pas pris ce quiz